000 00526cam a2200181 4500500
005 20260405002846.0
041 _afre
042 _adc
100 1 0 _aBlondé, Paul
_eauthor
245 0 0 _aLa rage au cœur
260 _c2019.
500 _a54
690 _aColère
690 _aGilets jaunes
690 _aYves Michaud
786 0 _nPhilosophie magazine | 126 | 2 | 2019-02-01 | p. 17-19 | 1951-1787
856 4 1 _uhttps://shs.cairn.info/magazine-philosophie-magazine-2019-2-page-17?lang=fr&redirect-ssocas=7080
999 _c2061818
_d2061818